[Event "RUS-Cup 300 years"]
[Site "St Petersburg"]
[Date "2003.10.22"]
[Round "5"]
[White "Nasobin, Alexey"]
[Black "Shchukin, Dmitry"]
[Result "1-0"]
[WhiteElo "2152"]
[BlackElo "2388"]
[PlyCount "71"]
[EventDate "2003.10.18"]
[EventType "swiss"]
[EventRounds "9"]
[EventCountry "RUS"]
[SourceTitle "EXT 2004"]
[Source "ChessBase"]
[SourceDate "2003.11.25"]
[SourceVersion "1"]
[SourceVersionDate "2003.11.25"]
[SourceQuality "1"]

1. d4 c5 2. d5 e5 3. e4 d6 4. Nc3 a6 5. Be2 g6 6. h4 h5 7. a4 Bh6 8. Nf3 Bxc1 9. Qxc1 Bg4 10. Ng5 Bxe2 11. Nxe2 Nd7 12. a5 Qe7 13. Ra3 Rc8 14. Qe3 Nh6 15. 0-0 f6 16. Ne6 Nf8 17. Nxf8 Kxf8 18. f4 Ng4 19. Qg3 Kg7 20. f5 c4 21. fxg6 Qc7 22. Qf3 Rh6 23. Ng3 Rxg6 24. Nxh5+ Kh8 25. Ng3 Qc5+ 26. Kh1 Rc7 27. Nf5 Rh7 28. Qe2 Nh6 29. Qh5 Rg5 30. hxg5 Nxf5 31. Qxh7+ Kxh7 32. Rxf5 Qd4 33. gxf6 Qxe4 34. Rg5 Kh6 35. Rg7 c3 36. Rxc3 1-0

[Event "RUS-Cup 300 years"]
[Site "St Petersburg"]
[Date "2003.10.20"]
[Round "3"]
[White "Nasobin, Alexey"]
[Black "Tchernyi, Viktor"]
[Result "0-1"]
[WhiteElo "2152"]
[BlackElo "2322"]
[PlyCount "72"]
[EventDate "2003.10.18"]
[EventType "swiss"]
[EventRounds "9"]
[EventCountry "RUS"]
[SourceTitle "EXT 2004"]
[Source "ChessBase"]
[SourceDate "2003.11.25"]
[SourceVersion "1"]
[SourceVersionDate "2003.11.25"]
[SourceQuality "1"]

1. d4 e6 2. c4 f5 3. g3 Nf6 4. Bg2 Be7 5. Nh3 d6 6. Nf4 c6 7. 0-0 0-0 8. Qc2 Qe8 9. Nd2 e5 10. dxe5 dxe5 11. Nd3 e4 12. Ne1 e3 13. Nb3 exf2+ 14. Rxf2 a5 15. Bf4 a4 16. Nd4 a3 17. b4 Bxb4 18. Nd3 Be7 19. c5 Ne4 20. Rf3 Na6 21. Re3 Bf6 22. Rd1 Qf7 23. Nf3 Qd5 24. Kf1 Be6 25. g4 g5 26. Nc1 Qxc5 27. Qxc5 Naxc5 28. gxf5 Bxf5 29. Bd6 Nxd6 30. Rxd6 g4 31. Ne1 Bb2 32. Kg1 Bxc1 33. Rc3 Bf4 34. Rd1 Ne4 35. Bxe4 Bxe4 36. Rc4 Be3# 0-1

[Event "IBCA Wch blind 10th"]
[Site "Istanbul"]
[Date "2002.11.24"]
[Round "5"]
[White "Nasobin, Alexey"]
[Black "Zhunusov, Murat"]
[Result "0-1"]
[WhiteElo "2100"]
[BlackElo "2245"]
[PlyCount "126"]
[EventDate "2002.11.20"]
[EventType "swiss"]
[EventRounds "9"]
[EventCountry "TUR"]
[SourceTitle "EXT 2004"]
[Source "ChessBase"]
[SourceDate "2003.11.25"]
[SourceVersion "1"]
[SourceVersionDate "2003.11.25"]
[SourceQuality "1"]

1. d4 d5 2. Nf3 e6 3. c4 Nf6 4. Nc3 c6 5. e3 Nbd7 6. Qc2 Bd6 7. b3 0-0 8. Be2 dxc4 9. bxc4 e5 10. 0-0 Re8 11. Bb2 exd4 12. exd4 Nf8 13. Rad1 Ng6 14. Ne5 Qe7 15. Nxg6 hxg6 16. Qd2 Nh5 17. g3 Nf4 18. gxf4 Qh4 19. Bc1 g5 20. Qd3 gxf4 21. f3 Bh3 22. Rf2 Re6 23. Bf1 Rg6+ 24. Bg2 Qxf2+ 25. Kxf2 Rxg2+ 26. Ke1 Re8+ 27. Ne4 f5 28. c5 Bc7 29. Rd2 Rg1+ 30. Kf2 Rf1+ 31. Qxf1 Bxf1 32. Nf6+ gxf6 33. Kxf1 Kf7 34. Rb2 b5 35. a4 Ba5 36. Bxf4 Bc3 37. Re2 Bxd4 38. axb5 cxb5 39. c6 Be5 40. Bxe5 fxe5 41. Ra2 Ke6 42. Rxa7 Kd6 43. Ke2 Kxc6 44. Kd3 Rd8+ 45. Kc3 b4+ 46. Kxb4 Rd4+ 47. Kc3 Rf4 48. h4 Rxf3+ 49. Kd2 Rh3 50. Rh7 Kd5 51. Ke2 f4 52. h5 Ke4 53. h6 Rh2+ 54. Kf1 Kf3 55. Kg1 Rh5 56. Re7 e4 57. h7 e3 58. Ra7 Rh4 59. Rg7 e2 60. Re7 Rxh7 61. Re8 Rg7+ 62. Kh1 Kf2 63. Kh2 Rh7# 0-1

[Event "IBCA Wch blind 10th"]
[Site "Istanbul"]
[Date "2002.11.23"]
[Round "4"]
[White "Gunajew, Rafal"]
[Black "Nasobin, Alexey"]
[Result "0-1"]
[WhiteElo "2210"]
[BlackElo "2100"]
[PlyCount "81"]
[EventDate "2002.11.20"]
[EventType "swiss"]
[EventRounds "9"]
[EventCountry "TUR"]
[SourceTitle "EXT 2004"]
[Source "ChessBase"]
[SourceDate "2003.11.25"]
[SourceVersion "1"]
[SourceVersionDate "2003.11.25"]
[SourceQuality "1"]

1. e4 e6 2. d4 d5 3. Nd2 Nf6 4. e5 Nfd7 5. Bd3 c5 6. c3 Nc6 7. Ne2 cxd4 8. cxd4 f6 9. exf6 Nxf6 10. Nf3 Bd6 11. 0-0 0-0 12. Bf4 Bxf4 13. Nxf4 Ne4 14. Ne2 Rxf3 15. gxf3 Ng5 16. f4 Nh3+ 17. Kh1 Qh4 18. Ng3 e5 19. fxe5 Qxd4 20. Qh5 g6 21. Bxg6 hxg6 22. Qxg6+ Kf8 23. Qf6+ Ke8 24. Qh8+ Ke7 25. Qxc8 Rxc8 26. Nf5+ Ke6 27. Nxd4+ Nxd4 28. Rac1 Rg8 29. Rc3 Nf4 30. Rg3 Rc8 31. Rg7 Nf3 32. Rg3 Nxe5 33. Re1 Kf5 34. Rc3 Rh8 35. f3 Rh3 36. Rf1 d4 37. Rc5 Kf6 38. Rf2 Nfd3 39. Kg2 Nxf2 40. Kxf2 Nd3+ 41. Kg2 0-1